[Event "World Chess Olympiad 2018"]
[Site "Batumi"]
[Date "2018.09.24"]
[Round "1"]
[Board "4"]
[WhiteFideId "14105730"]
[White "Korobov Anton"]
[BlackFideId "8701709"]
[Black "Kaulule Siame Kela"]
[Result "1-0"]
[LiveChessVersion "1.4.8"]
[BlackElo "2160"]
[WhiteElo "2685"]

1. d4 {[%clk 1:30:55]} d5 {[%clk 1:30:51]} 2. c4 {[%clk 1:31:14]} c6
{[%clk 1:30:56]} 3. Nf3 {[%clk 1:31:37]} e6 {[%clk 1:30:56]} 4. Qc2
{[%clk 1:31:38]} Nf6 {[%clk 1:31:06]} 5. Bg5 {[%clk 1:31:49]} Nbd7
{[%clk 1:28:08]} 6. cxd5 {[%clk 1:30:45]} exd5 {[%clk 1:28:01]} 7. Nc3
{[%clk 1:31:10]} Bd6 {[%clk 1:23:12]} 8. e3 {[%clk 1:28:22]} h6 {[%clk 1:23:16]}
9. Bh4 {[%clk 1:28:32]} Qa5 {[%clk 1:17:00]} 10. Bd3 {[%clk 1:28:18]} O-O
{[%clk 1:15:15]} 11. O-O {[%clk 1:28:29]} Re8 {[%clk 1:08:44]} 12. Kh1
{[%clk 1:26:02]} Be7 {[%clk 0:45:17]} 13. Rae1 {[%clk 1:21:07]} Qd8
{[%clk 0:35:53]} 14. Ne5 {[%clk 1:11:32]} Nxe5 {[%clk 0:32:45]} 15. dxe5
{[%clk 1:11:57]} Ne4 {[%clk 0:20:29]} 16. Bxe7 {[%clk 1:11:44]} Qxe7
{[%clk 0:17:18]} 17. f4 {[%clk 1:12:08]} Nc5 {[%clk 0:17:16]} 18. Be2
{[%clk 1:10:11]} f6 {[%clk 0:13:42]} 19. exf6 {[%clk 1:08:40]} Qxf6
{[%clk 0:13:51]} 20. Nxd5 {[%clk 1:08:59]} cxd5 {[%clk 0:13:36]} 21. Qxc5
{[%clk 1:09:21]} b6 {[%clk 0:11:21]} 22. Qxd5+ {[%clk 1:06:00]} Be6
{[%clk 0:11:38]} 23. Qb5 {[%clk 1:06:05]} a6 {[%clk 0:08:24]} 24. Qxb6
{[%clk 1:03:06]} Rab8 {[%clk 0:06:11]} 25. Qxa6 {[%clk 1:00:42]} Ra8
{[%clk 0:03:53]} 26. Qc6 {[%clk 0:58:51]} Rec8 {[%clk 0:03:50]} 27. Qe4
{[%clk 0:57:56]} Rxa2 {[%clk 0:02:09]} 28. Rc1 {[%clk 0:55:17]} Rxc1
{[%clk 0:00:44]} 29. Rxc1 {[%clk 0:55:44]} Rxb2 {[%clk 0:00:58]} 30. Bd3
{[%clk 0:55:57]} g6 {[%clk 0:00:32]} 31. h3 {[%clk 0:55:18]} Rb6 {[%clk 0:00:33]}
32. Qa8+ {[%clk 0:54:04]} Kg7 {[%clk 0:00:49]} 33. Rc7+ {[%clk 0:54:04]} Bf7
{[%clk 0:00:38]} 34. Bc4 {[%clk 0:54:17]} 1-0

[Event "World Chess Olympiad 2018"]
[Site "Batumi"]
[Date "2018.09.24"]
[Round "1"]
[Board "1"]
[WhiteFideId "605506"]
[White "Bacrot Etienne"]
[BlackFideId "9400346"]
[Black "Al Qudaimi Basheer"]
[Result "1-0"]
[LiveChessVersion "1.4.8"]
[BlackElo "2419"]
[WhiteElo "2678"]

1. e4 {[%clk 1:30:57]} e5 {[%clk 1:30:46]} 2. Nf3 {[%clk 1:31:21]} Nc6
{[%clk 1:31:04]} 3. Bc4 {[%clk 1:31:18]} Bc5 {[%clk 1:31:13]} 4. d3
{[%clk 1:31:29]} Nf6 {[%clk 1:30:57]} 5. O-O {[%clk 1:31:50]} d6 {[%clk 1:30:38]}
6. c3 {[%clk 1:31:45]} a6 {[%clk 1:30:36]} 7. a4 {[%clk 1:28:54]} Ba7
{[%clk 1:30:03]} 8. Re1 {[%clk 1:25:37]} O-O {[%clk 1:17:42]} 9. h3
{[%clk 1:25:31]} h6 {[%clk 1:17:30]} 10. Nbd2 {[%clk 1:23:38]} Nh5
{[%clk 1:15:39]} 11. Nf1 {[%clk 1:22:40]} Qf6 {[%clk 1:15:27]} 12. Ne3
{[%clk 1:23:03]} Nf4 {[%clk 1:15:18]} 13. Ng4 {[%clk 1:23:12]} Bxg4
{[%clk 1:14:03]} 14. hxg4 {[%clk 1:23:36]} Rad8 {[%clk 1:12:52]} 15. Bd5
{[%clk 1:07:15]} g5 {[%clk 1:02:55]} 16. Bxc6 {[%clk 1:01:28]} bxc6
{[%clk 1:03:09]} 17. d4 {[%clk 1:01:06]} Qe6 {[%clk 0:55:06]} 18. Nh2
{[%clk 0:43:15]} Ng6 {[%clk 0:49:21]} 19. Nf1 {[%clk 0:37:56]} exd4
{[%clk 0:36:57]} 20. cxd4 {[%clk 0:38:17]} Qf6 {[%clk 0:37:07]} 21. Be3
{[%clk 0:36:42]} Rb8 {[%clk 0:36:43]} 22. Ng3 {[%clk 0:33:56]} Rxb2
{[%clk 0:32:30]} 23. Nf5 {[%clk 0:31:53]} c5 {[%clk 0:12:53]} 24. Qc1
{[%clk 0:28:22]} Rfb8 {[%clk 0:12:48]} 25. Nxh6+ {[%clk 0:27:04]} Kh7
{[%clk 0:12:31]} 26. Nf5 {[%clk 0:27:15]} cxd4 {[%clk 0:12:19]} 27. Bxg5
{[%clk 0:27:38]} Qe6 {[%clk 0:11:22]} 28. Bd8 {[%clk 0:23:07]} Qe5
{[%clk 0:06:16]} 29. Bxc7 {[%clk 0:16:43]} d3 {[%clk 0:06:09]} 30. Qh6+
{[%clk 0:13:45]} Kg8 {[%clk 0:06:37]} 31. Bxb8 {[%clk 0:12:30]} Bxf2+
{[%clk 0:06:16]} 32. Kh1 {[%clk 0:12:51]} Rxb8 {[%clk 0:01:57]} 33. Rab1
{[%clk 0:10:38]} Re8 {[%clk 0:00:39]} 34. Rf1 {[%clk 0:10:03]} Bc5
{[%clk 0:00:35]} 35. Qh5 {[%clk 0:08:32]} Rf8 {[%clk 0:00:45]} 36. Rb7
{[%clk 0:07:52]} Nf4 {[%clk 0:00:32]} 37. Qg5+ {[%clk 0:08:07]} Ng6
{[%clk 0:00:52]} 38. Qxg6+ {[%clk 0:07:58]} 1-0

[Event "World Chess Olympiad 2018"]
[Site "Batumi"]
[Date "2018.09.24"]
[Round "1"]
[Board "2"]
[WhiteFideId "9400249"]
[White "Al-Zendani Zendan"]
[BlackFideId "608742"]
[Black "Fressinet Laurent"]
[Result "0-1"]
[LiveChessVersion "1.4.8"]
[BlackElo "2649"]
[WhiteElo "2301"]

1. e4 {[%clk 1:30:46]} e5 {[%clk 1:30:54]} 2. Nf3 {[%clk 1:31:06]} Nc6
{[%clk 1:31:20]} 3. Bb5 {[%clk 1:30:49]} a6 {[%clk 1:31:44]} 4. Bxc6
{[%clk 1:31:09]} dxc6 {[%clk 1:32:07]} 5. O-O {[%clk 1:31:25]} Bd6
{[%clk 1:31:00]} 6. d4 {[%clk 1:30:06]} exd4 {[%clk 1:31:22]} 7. Qxd4
{[%clk 1:26:22]} f6 {[%clk 1:31:45]} 8. Nbd2 {[%clk 1:22:47]} Be6
{[%clk 1:29:30]} 9. Qc3 {[%clk 1:22:11]} Ne7 {[%clk 1:25:10]} 10. Nc4
{[%clk 1:16:44]} Bxc4 {[%clk 1:19:43]} 11. Qxc4 {[%clk 1:17:04]} Qd7
{[%clk 1:20:05]} 12. Be3 {[%clk 1:05:25]} Ng6 {[%clk 1:15:36]} 13. Rad1
{[%clk 0:49:52]} O-O-O {[%clk 1:11:40]} 14. Qd4 {[%clk 0:46:27]} c5
{[%clk 1:04:26]} 15. Qc4 {[%clk 0:42:33]} Qb5 {[%clk 1:02:40]} 16. Qxb5
{[%clk 0:38:45]} axb5 {[%clk 1:02:10]} 17. Rd5 {[%clk 0:33:39]} b6
{[%clk 0:58:38]} 18. Rh5 {[%clk 0:29:18]} h6 {[%clk 0:49:09]} 19. Nh4
{[%clk 0:24:54]} Nxh4 {[%clk 0:43:21]} 20. Rxh4 {[%clk 0:25:13]} b4
{[%clk 0:43:28]} 21. Bc1 {[%clk 0:21:12]} Kb7 {[%clk 0:41:01]} 22. f4
{[%clk 0:19:30]} Rhe8 {[%clk 0:38:46]} 23. Re1 {[%clk 0:19:17]} Ra8 24. a3
{[%clk 0:16:53]} bxa3 {[%clk 0:32:58]} 25. bxa3 {[%clk 0:17:16]} Ra4
{[%clk 0:32:41]} 26. f5 {[%clk 0:17:01]} Be5 {[%clk 0:30:57]} 27. Rg4
{[%clk 0:13:14]} Re7 {[%clk 0:31:04]} 28. Kf2 {[%clk 0:11:47]} Rd7
{[%clk 0:29:56]} 29. Re2 {[%clk 0:08:23]} c4 {[%clk 0:26:18]} 30. Bf4
{[%clk 0:04:37]} Bd4+ {[%clk 0:22:55]} 31. Kg3 {[%clk 0:03:20]} Rxa3+
{[%clk 0:21:08]} 32. Kh4 {[%clk 0:03:44]} Re7 {[%clk 0:19:24]} 33. Kh5
{[%clk 0:03:48]} b5 {[%clk 0:19:40]} 34. Bg3 {[%clk 0:00:44]} Ra2
{[%clk 0:15:52]} 35. e5 {[%clk 0:00:59]} Bxe5 {[%clk 0:14:23]} 36. Rge4
{[%clk 0:01:01]} Kc6 {[%clk 0:11:31]} 37. Kg6 {[%clk 0:00:59]} Kd5
{[%clk 0:11:02]} 38. R4e3 {[%clk 0:01:12]} c5 {[%clk 0:09:09]} 39. Rd2+
{[%clk 0:01:17]} Kc6 {[%clk 0:09:35]} 40. Rde2 {[%clk 0:31:23]} b4
{[%clk 0:39:12]} 0-1

[Event "World Chess Olympiad 2018"]
[Site "Batumi"]
[Date "2018.09.24"]
[Round "1"]
[Board "3"]
[WhiteFideId "633429"]
[White "Edouard Romain"]
[BlackFideId "9400176"]
[Black "Al Badani Abdu"]
[Result "1-0"]
[LiveChessVersion "1.4.8"]
[BlackElo "2195"]
[WhiteElo "2646"]

1. d4 {[%clk 1:30:57]} Nf6 {[%clk 1:25:03]} 2. c4 {[%clk 1:31:19]} e5
{[%clk 1:24:38]} 3. dxe5 {[%clk 1:31:35]} Ng4 {[%clk 1:25:03]} 4. e3
{[%clk 1:31:21]} Nxe5 {[%clk 1:25:20]} 5. Nh3 {[%clk 1:31:44]} Bb4+
{[%clk 1:24:01]} 6. Bd2 {[%clk 1:31:54]} Bxd2+ {[%clk 1:23:59]} 7. Qxd2
{[%clk 1:32:17]} O-O {[%clk 1:24:06]} 8. Nc3 {[%clk 1:30:56]} d6 {[%clk 1:22:54]}
9. Nf4 {[%clk 1:31:21]} Bg4 {[%clk 1:11:31]} 10. h3 {[%clk 1:30:00]} Bf3
{[%clk 0:53:41]} 11. Qc2 {[%clk 1:17:08]} Bc6 {[%clk 0:48:16]} 12. Be2
{[%clk 1:17:30]} Nbd7 {[%clk 0:48:27]} 13. O-O {[%clk 1:17:22]} Rc8
{[%clk 0:30:07]} 14. b4 {[%clk 1:15:51]} b6 {[%clk 0:30:02]} 15. e4
{[%clk 1:13:12]} Bb7 {[%clk 0:21:41]} 16. Rad1 {[%clk 1:13:22]} Kh8
{[%clk 0:18:15]} 17. Nfd5 {[%clk 1:13:23]} Nc6 {[%clk 0:12:38]} 18. f4
{[%clk 1:12:21]} a5 {[%clk 0:12:43]} 19. a3 {[%clk 1:12:09]} axb4
{[%clk 0:13:03]} 20. axb4 {[%clk 1:12:36]} Nf6 {[%clk 0:09:19]} 21. Qb3
{[%clk 1:12:18]} Nxd5 {[%clk 0:07:30]} 22. cxd5 {[%clk 1:12:32]} Nb8
{[%clk 0:06:52]} 23. Bg4 {[%clk 1:08:44]} Nd7 {[%clk 0:06:49]} 24. Qa4
{[%clk 1:09:05]} c6 {[%clk 0:06:01]} 25. e5 {[%clk 1:04:55]} f5 {[%clk 0:03:32]}
26. exf6 {[%clk 1:04:20]} Nxf6 {[%clk 0:02:21]} 27. Bxc8 {[%clk 1:04:35]} Qxc8
{[%clk 0:02:38]} 28. dxc6 {[%clk 1:02:35]} Bxc6 {[%clk 0:02:58]} 29. Qa3
{[%clk 1:02:54]} d5 {[%clk 0:01:45]} 30. b5 {[%clk 1:00:06]} Ba8 {[%clk 0:01:55]}
31. Na4 {[%clk 1:00:15]} Nd7 {[%clk 0:01:54]} 32. Qd6 {[%clk 0:58:12]} Qb7
{[%clk 0:01:23]} 33. Rc1 {[%clk 0:57:09]} d4 {[%clk 0:01:32]} 34. Rf2
{[%clk 0:57:33]} Qa7 {[%clk 0:01:45]} 35. Rc7 {[%clk 0:56:46]} Qxa4
{[%clk 0:01:56]} 36. Rxd7 {[%clk 0:57:11]} Rg8 {[%clk 0:02:17]} 37. Rd8
{[%clk 0:56:32]} 1-0

[Event "World Chess Olympiad 2018"]
[Site "Batumi"]
[Date "2018.09.24"]
[Round "1"]
[Board "4"]
[WhiteFideId "9400133"]
[White "Al-Subaihi Khalil"]
[BlackFideId "603767"]
[Black "Bauer Christian"]
[Result "0-1"]
[LiveChessVersion "1.4.8"]
[BlackElo "2629"]
[WhiteElo "2106"]

1. e4 {[%clk 1:30:49]} Nc6 {[%clk 1:30:22]} 2. d4 {[%clk 1:28:27]} d5
{[%clk 1:30:14]} 3. exd5 {[%clk 1:26:00]} Qxd5 {[%clk 1:30:35]} 4. Be3
{[%clk 1:26:17]} e5 {[%clk 1:30:25]} 5. c4 {[%clk 1:24:27]} Qa5+ {[%clk 1:15:04]}
6. Bd2 {[%clk 1:23:36]} Bb4 {[%clk 1:15:28]} 7. d5 {[%clk 1:22:01]} Nd4
{[%clk 1:15:28]} 8. Bd3 {[%clk 1:19:06]} Nf6 {[%clk 1:11:34]} 9. a3
{[%clk 1:17:39]} Bxd2+ {[%clk 1:11:49]} 10. Nxd2 {[%clk 1:17:54]} c6
{[%clk 1:09:24]} 11. dxc6 {[%clk 1:11:44]} e4 {[%clk 1:07:28]} 12. Bf1
{[%clk 0:26:10]} Bg4 {[%clk 0:57:22]} 13. Be2 {[%clk 0:16:52]} Bf5
{[%clk 0:48:01]} 14. Kf1 {[%clk 0:16:16]} Nxc6 {[%clk 0:47:15]} 15. Qc1
{[%clk 0:11:07]} O-O {[%clk 0:42:55]} 16. c5 {[%clk 0:10:21]} Nd4
{[%clk 0:41:56]} 17. b4 {[%clk 0:09:13]} Qc7 {[%clk 0:38:09]} 18. Qc3
{[%clk 0:09:03]} Rfd8 {[%clk 0:38:23]} 19. Nc4 {[%clk 0:05:58]} e3
{[%clk 0:34:54]} 20. Nxe3 {[%clk 0:04:25]} Ne4 {[%clk 0:35:17]} 21. Qb2
{[%clk 0:01:53]} Qf4 {[%clk 0:34:00]} 22. Bf3 {[%clk 0:01:06]} Nc2
{[%clk 0:22:40]} 23. Nxf5 {[%clk 0:00:45]} Nd2+ {[%clk 0:22:48]} 24. Ke2
{[%clk 0:01:02]} Qc4+ {[%clk 0:21:22]} 25. Kd1 {[%clk 0:00:54]} Nb3+
{[%clk 0:21:22]} 26. Nd6 {[%clk 0:01:14]} Qd3# 0-1

[Event "World Chess Olympiad 2018"]
[Site "Batumi"]
[Date "2018.09.24"]
[Round "1"]
[Board "1"]
[WhiteFideId "7000812"]
[White "Kojima Shinya"]
[BlackFideId "13300881"]
[Black "Sargissian Gabriel"]
[Result "1/2-1/2"]
[LiveChessVersion "1.4.8"]
[BlackElo "2691"]
[WhiteElo "2408"]

1. Nf3 {[%clk 1:30:54]} Nf6 {[%clk 1:30:52]} 2. c4 {[%clk 1:31:13]} c5
{[%clk 1:29:48]} 3. Nc3 {[%clk 1:31:36]} e6 {[%clk 1:29:53]} 4. g3
{[%clk 1:31:54]} b6 {[%clk 1:30:13]} 5. Bg2 {[%clk 1:32:10]} Bb7 {[%clk 1:30:39]}
6. O-O {[%clk 1:32:32]} a6 {[%clk 1:29:22]} 7. d4 {[%clk 1:27:28]} cxd4
{[%clk 1:29:41]} 8. Qxd4 {[%clk 1:27:44]} d6 {[%clk 1:29:38]} 9. Bg5
{[%clk 1:24:32]} Nbd7 {[%clk 1:29:31]} 10. Rfd1 {[%clk 1:18:02]} Be7
{[%clk 1:23:41]} 11. Qd2 {[%clk 1:18:08]} O-O {[%clk 1:23:06]} 12. Bf4
{[%clk 1:17:56]} Ne8 {[%clk 1:22:23]} 13. Rac1 {[%clk 1:17:55]} Rc8
{[%clk 1:19:22]} 14. b3 {[%clk 1:17:56]} Nc5 {[%clk 1:18:23]} 15. Ng5
{[%clk 1:10:57]} Bxg2 {[%clk 1:17:00]} 16. Kxg2 {[%clk 1:11:19]} Rc6
{[%clk 1:14:37]} 17. Nge4 {[%clk 1:02:28]} Nxe4 {[%clk 1:06:12]} 18. Nxe4
{[%clk 1:02:52]} f5 {[%clk 1:06:09]} 19. Nc3 {[%clk 0:55:58]} Nf6
{[%clk 1:01:18]} 20. Bg5 {[%clk 0:50:44]} Qe8 21. Qe3 {[%clk 0:40:46]} Qf7
{[%clk 0:57:56]} 22. Qf3 {[%clk 0:37:34]} Rfc8 {[%clk 0:55:05]} 23. a4
{[%clk 0:27:28]} h6 {[%clk 0:43:09]} 24. Bd2 {[%clk 0:22:09]} Nd7
{[%clk 0:38:00]} 25. Na2 {[%clk 0:20:54]} Ne5 {[%clk 0:33:16]} 26. Qe3
{[%clk 0:19:18]} Ng4 {[%clk 0:31:21]} 27. Qf3 {[%clk 0:18:58]} Ne5
{[%clk 0:31:21]} 28. Qe3 {[%clk 0:19:20]} Ng4 {[%clk 0:30:00]} 29. Qf3
{[%clk 0:19:37]} 1/2-1/2

[Event "World Chess Olympiad 2018"]
[Site "Batumi"]
[Date "2018.09.24"]
[Round "1"]
[Board "2"]
[WhiteFideId "13302485"]
[White "Melkumyan Hrant"]
[BlackFideId "7000634"]
[Black "Nanjo Ryosuke"]
[Result "1-0"]
[LiveChessVersion "1.4.8"]
[BlackElo "2324"]
[WhiteElo "2660"]

1. c4 {[%clk 1:30:51]} e5 {[%clk 1:30:55]} 2. g3 {[%clk 1:30:50]} Nf6
{[%clk 1:31:18]} 3. Bg2 {[%clk 1:31:11]} Bc5 {[%clk 1:31:40]} 4. Nc3
{[%clk 1:30:18]} O-O {[%clk 1:30:39]} 5. e3 {[%clk 1:29:59]} Nc6 {[%clk 1:27:52]}
6. Nge2 {[%clk 1:29:33]} Re8 {[%clk 1:25:48]} 7. O-O {[%clk 1:26:38]} a6
{[%clk 1:22:40]} 8. d4 {[%clk 1:19:32]} exd4 {[%clk 1:20:31]} 9. exd4
{[%clk 1:16:23]} Ba7 {[%clk 1:16:18]} 10. Be3 {[%clk 1:12:37]} d5
{[%clk 1:01:50]} 11. cxd5 {[%clk 1:09:40]} Ne7 {[%clk 1:01:27]} 12. Bg5
{[%clk 1:07:23]} Bg4 {[%clk 0:50:58]} 13. Bxf6 {[%clk 1:04:17]} gxf6
{[%clk 0:51:21]} 14. Qd2 {[%clk 1:01:39]} Qd7 {[%clk 0:40:42]} 15. Rae1
{[%clk 0:54:59]} Kg7 {[%clk 0:38:30]} 16. h3 {[%clk 0:44:01]} Bxe2
{[%clk 0:29:31]} 17. Rxe2 {[%clk 0:40:11]} Nf5 {[%clk 0:29:43]} 18. Qf4
{[%clk 0:35:39]} Nxd4 {[%clk 0:25:23]} 19. Rd2 {[%clk 0:35:44]} Nb5
{[%clk 0:23:46]} 20. Ne4 {[%clk 0:34:42]} Qe7 {[%clk 0:23:53]} 21. Rc1
{[%clk 0:29:53]} Rad8 {[%clk 0:16:21]} 22. Qg4+ {[%clk 0:24:05]} Kh8
{[%clk 0:16:28]} 23. Qf4 {[%clk 0:13:48]} Kg7 {[%clk 0:16:46]} 24. Kh2
{[%clk 0:12:45]} Bb6 {[%clk 0:12:53]} 25. Rc4 {[%clk 0:10:36]} Nd6
{[%clk 0:11:59]} 26. Qg4+ {[%clk 0:09:30]} Kh8 {[%clk 0:12:25]} 27. Qh4
{[%clk 0:08:19]} Nf5 {[%clk 0:05:41]} 28. Qxf6+ {[%clk 0:07:03]} Qxf6
{[%clk 0:06:09]} 29. Nxf6 {[%clk 0:07:25]} Re5 {[%clk 0:05:03]} 30. Rf4
{[%clk 0:05:11]} Nd6 {[%clk 0:04:12]} 31. Be4 {[%clk 0:04:59]} h6
{[%clk 0:02:11]} 32. Bd3 {[%clk 0:04:25]} Kg7 {[%clk 0:02:28]} 33. Re2
{[%clk 0:02:16]} Rxe2 {[%clk 0:02:40]} 34. Bxe2 {[%clk 0:02:43]} Nc8
{[%clk 0:02:05]} 35. Bh5 {[%clk 0:01:14]} Ne7 {[%clk 0:01:34]} 36. d6
{[%clk 0:00:43]} Ng6 {[%clk 0:00:57]} 37. Bxg6 {[%clk 0:00:59]} fxg6
{[%clk 0:01:02]} 38. d7 {[%clk 0:01:02]} Bc5 {[%clk 0:00:52]} 39. Ne8+
{[%clk 0:01:20]} Kg8 {[%clk 0:01:20]} 40. Nf6+ {[%clk 0:31:04]} Kg7
{[%clk 0:31:05]} 41. Ne8+ {[%clk 0:27:22]} Kg8 {[%clk 0:27:12]} 42. Nxc7
{[%clk 0:14:25]} Rxd7 {[%clk 0:26:32]} 43. Ne6 {[%clk 0:14:40]} Be7
{[%clk 0:25:48]} 44. Nd4 {[%clk 0:09:04]} g5 {[%clk 0:10:41]} 45. Re4
{[%clk 0:08:05]} Bc5 {[%clk 0:09:45]} 46. Nf5 {[%clk 0:07:26]} Rd2
{[%clk 0:08:59]} 47. Nxh6+ {[%clk 0:07:09]} Kh7 {[%clk 0:09:22]} 48. Ng4
{[%clk 0:07:07]} Bxf2 {[%clk 0:09:27]} 49. Re7+ {[%clk 0:06:49]} Kg6
{[%clk 0:08:36]} 50. Rxb7 {[%clk 0:07:06]} Bd4+ {[%clk 0:07:50]} 51. Kh1
{[%clk 0:07:34]} Kf5 {[%clk 0:06:52]} 52. a4 {[%clk 0:05:25]} Bxb2
{[%clk 0:05:07]} 53. Ne3+ {[%clk 0:04:38]} Ke4 {[%clk 0:05:19]} 54. Nc4
{[%clk 0:04:49]} Rd1+ {[%clk 0:05:33]} 55. Kg2 {[%clk 0:05:14]} Bd4
{[%clk 0:03:18]} 56. Re7+ {[%clk 0:05:41]} Kd3 {[%clk 0:00:36]} 57. Ne5+
{[%clk 0:06:02]} Ke4 {[%clk 0:00:43]} 58. Nf3+ {[%clk 0:06:20]} Kf5
{[%clk 0:00:59]} 59. Rd7 {[%clk 0:05:41]} 1-0

[Event "World Chess Olympiad 2018"]
[Site "Batumi"]
[Date "2018.09.24"]
[Round "1"]
[Board "3"]
[WhiteFideId "7000936"]
[White "Yamada Kohei"]
[BlackFideId "13302507"]
[Black "Hovhannisyan Robert"]
[Result "0-1"]
[LiveChessVersion "1.4.8"]
[BlackElo "2621"]
[WhiteElo "2128"]

1. e4 {[%clk 1:30:56]} c6 {[%clk 1:30:52]} 2. d4 {[%clk 1:31:19]} d5
{[%clk 1:31:14]} 3. Nd2 {[%clk 1:31:24]} dxe4 {[%clk 1:31:26]} 4. Nxe4
{[%clk 1:31:45]} Bf5 {[%clk 1:31:37]} 5. Ng3 {[%clk 1:32:05]} Bg6
{[%clk 1:31:58]} 6. Bc4 {[%clk 1:32:15]} e6 {[%clk 1:30:15]} 7. N1e2
{[%clk 1:31:08]} Bd6 {[%clk 1:28:05]} 8. h4 {[%clk 1:29:06]} h6 {[%clk 1:27:27]}
9. Nf4 {[%clk 1:28:59]} Bxf4 {[%clk 1:27:12]} 10. Bxf4 {[%clk 1:29:21]} Nf6
{[%clk 1:27:19]} 11. c3 {[%clk 1:26:50]} Nbd7 {[%clk 1:25:54]} 12. h5
{[%clk 1:11:15]} Bh7 {[%clk 1:26:14]} 13. O-O {[%clk 1:11:10]} O-O
{[%clk 1:25:15]} 14. Re1 {[%clk 1:10:50]} Nd5 {[%clk 1:20:19]} 15. Qg4
{[%clk 0:48:49]} N7f6 {[%clk 1:18:28]} 16. Qf3 {[%clk 0:48:09]} Nxf4
{[%clk 1:16:18]} 17. Qxf4 {[%clk 0:48:31]} a5 {[%clk 1:14:21]} 18. Rad1
{[%clk 0:43:19]} Qb6 {[%clk 1:12:06]} 19. Re2 {[%clk 0:42:02]} a4
{[%clk 1:11:28]} 20. a3 {[%clk 0:38:39]} Ra5 {[%clk 1:09:37]} 21. Re5
{[%clk 0:31:26]} Qc7 {[%clk 1:02:39]} 22. Ne2 {[%clk 0:28:24]} Rd8
{[%clk 0:58:25]} 23. Re1 {[%clk 0:15:08]} Qb6 {[%clk 0:50:16]} 24. Ng3
{[%clk 0:11:29]} Kh8 {[%clk 0:46:11]} 25. R1e2 {[%clk 0:09:08]} Qc7
{[%clk 0:42:31]} 26. Qf3 {[%clk 0:08:16]} Kg8 {[%clk 0:37:28]} 27. Rxa5
{[%clk 0:03:57]} Qxa5 {[%clk 0:37:52]} 28. Re5 {[%clk 0:04:01]} Qb6
{[%clk 0:37:09]} 29. Qe2 {[%clk 0:04:05]} Qc7 {[%clk 0:34:37]} 30. Ba2
{[%clk 0:03:20]} b6 {[%clk 0:31:51]} 31. Qc4 {[%clk 0:02:10]} Ng4
{[%clk 0:28:21]} 32. Rxe6 {[%clk 0:01:57]} fxe6 {[%clk 0:28:20]} 33. Qxe6+
{[%clk 0:02:25]} Kh8 {[%clk 0:28:42]} 34. Qxg4 {[%clk 0:02:50]} Qe7
{[%clk 0:23:58]} 35. Be6 {[%clk 0:01:19]} Re8 {[%clk 0:19:13]} 36. Bd7
{[%clk 0:00:37]} Rf8 {[%clk 0:18:46]} 37. f3 {[%clk 0:00:43]} Qe3+
{[%clk 0:17:37]} 38. Kh2 {[%clk 0:00:54]} Rf4 {[%clk 0:17:20]} 39. Qh3
{[%clk 0:01:05]} Qe7 {[%clk 0:15:30]} 40. Bg4 {[%clk 0:31:08]} c5
{[%clk 0:42:15]} 41. d5 {[%clk 0:22:46]} Qe5 {[%clk 0:41:35]} 42. Qh4
{[%clk 0:19:00]} Qxd5 {[%clk 0:41:00]} 43. Qe7 {[%clk 0:18:43]} Qa8
{[%clk 0:39:31]} 44. Kg1 {[%clk 0:16:16]} Rf8 {[%clk 0:38:33]} 45. Qe2
{[%clk 0:11:25]} Qe8 {[%clk 0:36:59]} 46. Qa6 {[%clk 0:10:48]} Qc6
{[%clk 0:36:26]} 47. Qe2 {[%clk 0:10:56]} Re8 {[%clk 0:34:02]} 48. Qd1
{[%clk 0:10:52]} c4 {[%clk 0:31:46]} 49. Kh2 {[%clk 0:10:12]} Bd3
{[%clk 0:31:47]} 50. Kh3 {[%clk 0:10:24]} Qb5 {[%clk 0:30:48]} 51. Qc1
{[%clk 0:10:13]} Qe5 {[%clk 0:30:00]} 52. Bd7 {[%clk 0:07:14]} Re7
{[%clk 0:28:30]} 53. Bxa4 {[%clk 0:05:24]} b5 {[%clk 0:28:03]} 54. Bd1
{[%clk 0:04:05]} Qe3 {[%clk 0:26:45]} 55. Qa1 {[%clk 0:03:19]} Qd2
{[%clk 0:24:11]} 56. a4 {[%clk 0:02:30]} Re1 {[%clk 0:24:21]} 57. axb5
{[%clk 0:02:36]} Rxd1 {[%clk 0:24:15]} 58. Qa8+ {[%clk 0:03:02]} Kh7
{[%clk 0:24:41]} 0-1

[Event "World Chess Olympiad 2018"]
[Site "Batumi"]
[Date "2018.09.24"]
[Round "1"]
[Board "4"]
[WhiteFideId "13306553"]
[White "Martirosyan Haik M."]
[BlackFideId "7000197"]
[Black "Matsuo Tomohiko"]
[Result "1-0"]
[LiveChessVersion "1.4.8"]
[BlackElo "2170"]
[WhiteElo "2597"]

1. d4 {[%clk 1:30:56]} Nf6 {[%clk 1:30:54]} 2. Nf3 {[%clk 1:31:12]} c5
{[%clk 1:31:08]} 3. d5 {[%clk 1:31:29]} b5 {[%clk 1:31:17]} 4. Bg5
{[%clk 1:29:22]} Qb6 {[%clk 1:31:26]} 5. c3 {[%clk 1:25:41]} Bb7 {[%clk 1:25:05]}
6. Bxf6 {[%clk 1:25:47]} Qxf6 {[%clk 1:20:28]} 7. e4 {[%clk 1:25:11]} Qb6
{[%clk 1:17:45]} 8. a4 {[%clk 1:23:30]} b4 {[%clk 1:13:30]} 9. Nbd2
{[%clk 1:22:00]} Ba6 {[%clk 1:12:34]} 10. Bxa6 {[%clk 1:18:39]} Nxa6
{[%clk 1:11:41]} 11. Nc4 {[%clk 1:17:36]} Qb7 {[%clk 1:07:12]} 12. Qd3
{[%clk 1:06:24]} g6 {[%clk 1:06:24]} 13. h4 {[%clk 1:05:52]} h5 {[%clk 0:55:59]}
14. O-O {[%clk 1:02:06]} Bh6 {[%clk 0:37:53]} 15. e5 {[%clk 0:58:00]} Rg8
{[%clk 0:37:26]} 16. Rad1 {[%clk 0:49:54]} O-O-O {[%clk 0:30:40]} 17. d6
{[%clk 0:46:55]} e6 {[%clk 0:30:48]} 18. Ng5 {[%clk 0:37:00]} Bxg5
{[%clk 0:18:22]} 19. hxg5 {[%clk 0:37:28]} Rh8 {[%clk 0:18:37]} 20. Nd2
{[%clk 0:30:04]} Kb8 {[%clk 0:16:58]} 21. Ne4 {[%clk 0:28:46]} Rc8
{[%clk 0:16:18]} 22. Qc4 {[%clk 0:28:59]} Ka8 {[%clk 0:12:59]} 23. Rc1
{[%clk 0:25:11]} h4 {[%clk 0:06:21]} 24. Kh2 {[%clk 0:24:46]} bxc3
{[%clk 0:02:38]} 25. bxc3 {[%clk 0:23:46]} Qc6 {[%clk 0:02:21]} 26. Rb1
{[%clk 0:23:41]} Rb8 {[%clk 0:02:06]} 27. Rb5 {[%clk 0:24:00]} Rhc8
{[%clk 0:02:15]} 28. Rfb1 {[%clk 0:23:29]} Rh8 {[%clk 0:01:05]} 29. Kh3
{[%clk 0:23:03]} Rbc8 {[%clk 0:00:57]} 30. Rb6 {[%clk 0:21:30]} Qd5
{[%clk 0:00:31]} 31. Qxa6 {[%clk 0:21:22]} Qxe4 {[%clk 0:00:54]} 32. Rb7
{[%clk 0:21:21]} 1-0